000 00501nam a22001817a 4500
005 20260512163638.0
008 260512b |||||||| |||| 00| 0 eng d
020 _a9781032160146
_c8978.68
040 _aMAIN
041 _aEnglish
082 _a628.92
_bMCN
100 _aMcnnay, James
_926795
245 _aGuide to Fire and Gas Detection Design in Hazardous Industries
260 _aLondon
_bCRC Press
_c2023
300 _a132
650 _aEnvironment Science (PM USHA)
_926725
942 _cBK
999 _c60770
_d60770